| 000 | 00645nam a22002057a 4500 | ||
|---|---|---|---|
| 999 |
_c17167 _d17167 |
||
| 003 | AR-CdUCM | ||
| 008 | 190320b ||||| |||| 00| 0 spa d | ||
| 040 |
_aMUNICIPALIDAD PROVINCIAL DEL CUSCO _cBIBLIOTECA MUNICIPAL DEL CUSCO |
||
| 082 |
_a895.485 / _bV24 |
||
| 100 |
_aValmiki _920989 |
||
| 245 | _aEl ramayana / | ||
| 260 |
_aMexico, D.F. : : _bNacional, _c1963. |
||
| 300 |
_a290 páginas ; _c17.5 cm. |
||
| 505 | _aContenido: Mitológico, Histórico y geográfico. | ||
| 650 |
_aPoesías épicas indias _920991 |
||
| 650 |
_aIndia _92692 |
||
| 700 |
_aGuixé, Juan (Traductor) _937030 |
||
| 942 |
_2ddc _cLIBROS |
||
| 945 |
_aacv _d2019-05-07 |
||